Asamiya lokagiti sanchayan (Record no. 2349)

MARC details
000 -LEADER
fixed length control field 00458cam a2200181ua 4500
008 - FIXED-LENGTH DATA ELEMENTS--GENERAL INFORMATION
fixed length control field 111222n ii |||gr||||Z||||||asm
040 ## - CATALOGING SOURCE
Transcribing agency MAIN
082 ## - DEWEY DECIMAL CLASSIFICATION NUMBER
Classification number 780
100 ## - MAIN ENTRY--PERSONAL NAME
Personal name Sharma, Hemanta Kumar,
Relator term
245 1# - TITLE STATEMENT
Title Asamiya lokagiti sanchayan
Statement of responsibility, etc. by Hemanta Kumar Sharma
250 ## - EDITION STATEMENT
Edition statement 2nd.
260 ## - PUBLICATION, DISTRIBUTION, ETC.
Place of publication, distribution, etc. Guahati:
Name of publisher, distributor, etc. Bina library,990.
300 ## - PHYSICAL DESCRIPTION
Extent 42p:
Dimensions 23cm.
942 ## - ADDED ENTRY ELEMENTS (KOHA)
Koha item type Books
653 ## - INDEX TERM--UNCONTROLLED
Uncontrolled term Folklore
653 ## - INDEX TERM--UNCONTROLLED
Uncontrolled term Asamiya lokagiti sanchayan
Holdings
Withdrawn status Lost status Damaged status Not for loan Home library Current library Shelving location Date acquired Total Checkouts Full call number Barcode Date last seen Copy number Price effective from Koha item type
        Central Library, Naharkatiya College Central Library, Naharkatiya College General Stacks 19/09/2020   780 | ASA 10794 19/09/2020 1 19/09/2020 Books

Naharkatiya College © 2020. All rights reserved.

Powered By